| 000 | 00507nam a22001817a 4500 | ||
|---|---|---|---|
| 003 | JO-AjAnu | ||
| 005 | 20251012132118.0 | ||
| 008 | 251012b jo ||||| |||| 00| 0 ara d | ||
| 020 | _a978-1-80489-674-7 | ||
| 040 |
_aANU _cJO-AjAnu |
||
| 041 | _hENG | ||
| 100 |
_aGrimshaw, Priya _eAuthor _966779 |
||
| 245 |
_aIntroduction to Anatomy _c / prepared by Priya Grimshaw |
||
| 260 |
_aUnited Kingdom : _bBrilliance publications LTD, _c2026 |
||
| 300 | _a288 Pages | ||
| 650 | _vAnatomy | ||
| 942 |
_2lcc _cBK _n0 |
||
| 999 |
_c34058 _d34058 |
||